00960 a2200181 4500003000500000005001700005040000900022082001200031100002100043245004400064260002400108300001200132505044200144650003100586942002100617999001900638952012100657NUST20221207180913.0 cNust a297,OUR aApkar pk9104382 aOur dialogue volume -3 /cMuhammad Arif aKarachibGratuitous a275 p.: aAblution (Page-1), Bank Employees (Page-15), Children (Page-22), Day Judgment (Page-37), Evil Eye (Page-63), Faith (Page-64), Hoarding Money (Page-73), Immigration (Page-78), Jerusalem (Page-107), Ka’aba (Page-114), Law Of Evidence (Page-117), Magic (Page-128), Pilgrimage (Page-162), Qadianis (Page-198), Rabiah Basari (Page-201), Saints (Page-206), Tableeghi Movement (Page-238), Umrah (Page-243), Women (Page-245), Zakah (Page-257). areligious dialogue9104383 2ddccBKk297,OUR c193695d193695 00102ddc4070aMCSbMCScGENd2016-12-12o297,OURpMCS32310r2016-12-08w2016-12-12yBKzAlmirah No.47, Shelf No.1